书目信息 |
| 题名: |
列宁论图书馆事业
|
|
| 作者: | ;文化部图书馆事业管理局 编 | |
| 分册: | ||
| 出版信息: | 北京 书目文献出版社 1984.12 |
|
| 页数: | 216页 | |
| 开本: | 21cm | |
| 丛书名: | ||
| 单 册: | ||
| 中图分类: | A267+G25 | |
| 科图分类: | ||
| 主题词: | 列宁著作--专题汇编--教育--图书馆事业 | |
| 电子资源: | ||
| ISBN: | ||
| 000 | 00642nam0 2200193 45 | |
| 001 | 0181023580 | |
| 005 | 20060413142814.76 | |
| 010 | @dCNY1.20 | |
| 091 | @a1201.1 | |
| 100 | @a20810111d km y0chiy0120 ea | |
| 101 | 0 | @achi |
| 200 | 1 | @a列宁论图书馆事业@ALIE NING LUN TU SHU GUAN SHI YE@f文化部图书馆事业管理局编@Fwen hua bu tu shu guan shi ye guan li ju bian |
| 210 | @a北京@c书目文献出版社@d1984.12 | |
| 215 | @a216页@d21cm | |
| 606 | 0 | @a列宁著作@x专题汇编@x教育@x图书馆事业 |
| 690 | @aA267+G25@v3 | |
| 711 | 0 | @a文化部图书馆事业管理局@Awen hua bu tu shu guan shi ye guan li ju@4编 |
| 801 | @aCN@bTSTC@c20060413 | |
| 905 | @dA267+G25@e25 | |
| 列宁论图书馆事业/文化部图书馆事业管理局编.-北京:书目文献出版社,1984.12 |
| 216页;21cm |
| ISBN :CNY1.20 |
| ● |
| 相关链接 |
|
|
|
|
正题名:列宁论图书馆事业
索取号:A267+G25/25
 
预约/预借
| 序号 | 登录号 | 条形码 | 馆藏地/架位号 | 状态 | 备注 |
| 1 | 0141206 | 001979997 | 第一借阅区/ [索取号:A267+G25/25] | 在馆 | |
| 2 | 0141207 | 000950180 | 第一样本阅览室/ [索取号:A267+G25/25] | 在馆 | |
| 3 | 0141208 | 202251026 | 密集书库/ [索取号:A267+G25/25] | 在馆 |